000 01087cam a22002898i 4500
001 826685436
003 AUA.1
005 20140616165005.0
008 130730s2013 miu b 001 0 eng
010 _a2013019131
020 _a9780801039867 (pbk.)
020 _a080103986X (pbk.)
035 _a(OCoLC)826685436
040 _aDLC
_beng
_erda
_cDLC
_dYDXCP
_dBDX
_dOCLCO
_dKAT
_dEXN
042 _apcc
049 _aEXNs
050 0 0 _aBT 764.3
_b.A45 2013
082 0 0 _a234/.7
_223
100 1 _aAllen, R. Michael.
_944531
245 1 0 _aJustification and the gospel :
_bunderstanding the contexts and controversies /
_cR. Michael Allen.
260 _aGrand Rapids, MI,
_bBaker Academic,
_c2013.
300 _axiv, 186 p. ;
_c23 cm.
504 _aIncludes bibliographical references and index.
650 0 _aJustification (Christian theology)
_944532
942 _2lcc
_cBOOK
_hBT 764.3
_i.A45 2013
999 _c12588
_d12588